000 00339nam a2200145Ia 4500
003 LK-CoDNM
008 010623t xxu||||| |||| 00| 1 eng d
040 _aLK-CoDNM
_dLK-CoDNM
_eLK-CoDNM
041 _aeng
080 _a32
100 _aKelegama,Keerthi
245 _aPresident Manipulates Justice
300 _b35p.;27 cm cm
942 _cBK
999 _c135364
_d135364